Výber stratégie hráča pri investovaní do akcií

Problém výberu výšky investícií do akcií. Faktory, ktoré nesúvisia priamo s obchodovaním s cennými papiermi, ale individuálna situácia hráča.

Gespeichert in:
Bibliographische Detailangaben
1. Verfasser: Pekár, Juraj, 1972-
Format: Buchkapitel
Sprache:Slowakisch
Schlagworte:
Tags: Tag hinzufügen
Keine Tags, Fügen Sie das erste Tag hinzu!

MARC

LEADER 00000naa$a2200000$$$4500
001 0249546
005 20240502074006.6
041 0 |a slo 
044 |a SK 
245 1 0 |a Výber stratégie hráča pri investovaní do akcií  |c Juraj Pekár 
520 |a Problém výberu výšky investícií do akcií. Faktory, ktoré nesúvisia priamo s obchodovaním s cennými papiermi, ale individuálna situácia hráča. 
610 2 0 |a stratégia investičná 
610 2 0 |a teória hier 
610 2 0 |a rozhodovanie investičné 
610 2 0 |a investície 
610 2 0 |a trh akciový 
100 1 |a Pekár, Juraj, 1972-